[Event "POL-chT 2nd League"]
[Site "Jastrzebia Gora"]
[Date "2019.09.13"]
[Round "7.7"]
[White "Lizak, Jakub"]
[Black "Szadkowski, Kamil"]
[Result "1/2-1/2"]
[WhiteElo "2236"]
[BlackElo "2245"]
[PlyCount "33"]
[EventDate "2019.09.07"]
[EventType "team-swiss"]
[EventRounds "9"]
[EventCountry "POL"]
[SourceTitle "EXT 2020"]
[Source "ChessBase"]
[SourceDate "2019.10.17"]
[SourceVersion "1"]
[SourceVersionDate "2019.10.17"]
[SourceQuality "1"]
[WhiteTeam "Gliwice Politechnika Slaska"]
[BlackTeam "Konin UKS Smecz"]
[WhiteTeamCountry "POL"]
[BlackTeamCountry "POL"]

1. e4 c5 2. Nf3 d6 3. Bb5+ Bd7 4. c4 g6 5. Nc3 Bg7 6. d4 cxd4 7. Nxd4 Nf6 8. h3 0-0 9. 0-0 a6 10. Bxd7 Nbxd7 11. Be3 Rc8 12. Qb3 Nc5 13. Qc2 Ncd7 14. b3 Qc7 15. a4 b6 16. Rfe1 Qb7 17. Rad1 1/2-1/2

[Event "POL-chT 1st League"]
[Site "Pokrzywna"]
[Date "2018.09.07"]
[Round "7.4"]
[White "Miroslaw, Michal"]
[Black "Lizak, Jakub"]
[Result "0-1"]
[WhiteElo "2280"]
[BlackElo "2168"]
[PlyCount "58"]
[EventDate "2018.09.01"]
[EventType "team-tourn"]
[EventRounds "9"]
[EventCountry "POL"]
[SourceTitle "CBM 186 Extra"]
[Source "ChessBase"]
[SourceDate "2018.08.24"]
[SourceVersion "1"]
[SourceVersionDate "2018.08.24"]
[SourceQuality "1"]
[WhiteTeam "Lublin Drakon"]
[BlackTeam "Gliwice Politechnika Slaska"]
[WhiteTeamCountry "POL"]
[BlackTeamCountry "POL"]

1. c4 e5 2. Nc3 Bb4 3. Nd5 Bc5 4. e3 c6 5. Nc3 d5 6. cxd5 cxd5 7. d4 exd4 8. exd4 Bb6 9. Nf3 Nc6 10. h3 Nge7 11. Bb5 0-0 12. 0-0 Qd6 13. Ne2 h6 14. Bf4 Qf6 15. Be5 Nxe5 16. dxe5 Qe6 17. Nf4 Qf5 18. Qd2 Ng6 19. Nxd5 Rd8 20. Ne3 Qf4 21. Qe2 Nxe5 22. Nxe5 Qxe5 23. Bc4 Bc7 24. f4 Qe4 25. Qf3 Re8 26. Rae1 Bb6 27. Kh1 Bxe3 28. Qxe4 Rxe4 29. Bd3 Re7 0-1

[Event "Krakow op-A 28th"]
[Site "Krakow"]
[Date "2018.01.02"]
[Round "7"]
[White "Lizak, Jakub"]
[Black "Lis, Mateusz"]
[Result "1/2-1/2"]
[WhiteElo "2235"]
[BlackElo "2113"]
[PlyCount "71"]
[EventDate "2017.12.27"]
[EventType "swiss"]
[EventRounds "9"]
[EventCountry "POL"]
[SourceTitle "CBM 182 Extra"]
[Source "ChessBase"]
[SourceDate "2018.02.23"]
[SourceVersion "1"]
[SourceVersionDate "2018.02.23"]
[SourceQuality "1"]

1. e4 c5 2. Nf3 e6 3. d4 cxd4 4. Nxd4 Nc6 5. Nc3 Qc7 6. Be3 a6 7. Qf3 Nf6 8. 0-0-0 Bb4 9. Nxc6 Qxc6 10. Bd4 Bxc3 11. Bxc3 Qxe4 12. Qg3 Qg6 13. Qh4 h5 14. Bd3 Qg4 15. Bxf6 gxf6 16. Qxf6 Rg8 17. g3 Qg5+ 18. Qxg5 Rxg5 19. h4 Rg8 20. Be2 Rh8 21. c4 b6 22. Bf3 Ra7 23. Rhe1 Rc7 24. b3 Bb7 25. Be2 b5 26. Kb2 bxc4 27. Bxc4 Ke7 28. Be2 Rc5 29. b4 Rf5 30. f4 Rg8 31. Rd3 a5 32. a3 axb4 33. axb4 Ba6 34. Rb3 Bxe2 35. Rxe2 Rb5 36. Re5 1/2-1/2

[Event "Krakow op-A 28th"]
[Site "Krakow"]
[Date "2017.12.31"]
[Round "6"]
[White "Pasti, Aron"]
[Black "Lizak, Jakub"]
[Result "0-1"]
[WhiteElo "1950"]
[BlackElo "2235"]
[PlyCount "74"]
[EventDate "2017.12.27"]
[EventType "swiss"]
[EventRounds "9"]
[EventCountry "POL"]
[SourceTitle "CBM 182 Extra"]
[Source "ChessBase"]
[SourceDate "2018.02.23"]
[SourceVersion "1"]
[SourceVersionDate "2018.02.23"]
[SourceQuality "1"]

1. e4 e5 2. Nf3 Nc6 3. Bb5 a6 4. Ba4 Nf6 5. 0-0 b5 6. Bb3 Bc5 7. c3 d6 8. d4 Bb6 9. h3 Bb7 10. Re1 0-0 11. Bg5 h6 12. Bh4 g5 13. Bg3 Re8 14. d5 Ne7 15. Nbd2 Ng6 16. Nf1 Nh5 17. Bh2 Qf6 18. Ne3 Ngf4 19. Bxf4 Nxf4 20. Nh2 Bc8 21. Qf3 Kh7 22. Kh1 Qg6 23. a4 Rb8 24. axb5 axb5 25. Bc2 h5 26. Nf5 f6 27. Rf1 Bd7 28. Bd1 Bxf5 29. exf5 Qf7 30. Bb3 e4 31. Qd1 Nd3 32. Qe2 Re5 33. Nf3 Nxf2+ 34. Rxf2 exf3 35. Qxb5 c6 36. Qb4 Bxf2 37. Qxb8 Re8 0-1

[Event "Krakow op-A 27th"]
[Site "Krakow"]
[Date "2016.12.31"]
[Round "6"]
[White "Lewtak, Damian"]
[Black "Lizak, Jakub"]
[Result "1/2-1/2"]
[WhiteElo "2356"]
[BlackElo "2196"]
[PlyCount "46"]
[EventDate "2016.12.27"]
[EventType "swiss"]
[EventRounds "9"]
[EventCountry "POL"]
[SourceTitle "CBM 176 Extra"]
[Source "ChessBase"]
[SourceDate "2017.03.02"]
[SourceVersion "1"]
[SourceVersionDate "2017.03.02"]
[SourceQuality "1"]

1. Nf3 d5 2. e3 Nf6 3. c4 g6 4. Nc3 Bg7 5. d4 0-0 6. Be2 c5 7. dxc5 Na6 8. cxd5 Nxc5 9. 0-0 a6 10. a4 e6 11. dxe6 Bxe6 12. Qxd8 Rfxd8 13. Nd4 Bd5 14. b4 Ne6 15. Bb2 Nxd4 16. exd4 Rac8 17. b5 Bc4 18. Bxc4 Rxc4 19. bxa6 bxa6 20. Nd1 Ne4 21. Re1 Bxd4 22. Rxe4 Bxb2 23. Rxc4 Bxa1 1/2-1/2

[Event "POL-chT 2nd League"]
[Site "Jastrzebia Gora"]
[Date "2016.09.09"]
[Round "7.15"]
[White "Lizak, Jakub"]
[Black "Orzech, Dominik"]
[Result "0-1"]
[WhiteElo "2146"]
[BlackElo "2378"]
[PlyCount "68"]
[EventDate "2016.09.03"]
[EventType "team-swiss"]
[EventRounds "9"]
[EventCountry "POL"]
[SourceTitle "EXT 2017"]
[Source "ChessBase"]
[SourceDate "2016.10.25"]
[SourceVersion "1"]
[SourceVersionDate "2016.10.25"]
[SourceQuality "1"]
[WhiteTeam "Gliwice Politechnika Slaska"]
[BlackTeam "Lodz Okucia Budowlane"]
[WhiteTeamCountry "POL"]
[BlackTeamCountry "POL"]

1. b3 Nf6 2. Bb2 g6 3. Bxf6 exf6 4. c4 Nc6 5. Nc3 Ba3 6. g3 0-0 7. Bg2 Re8 8. Nh3 d6 9. Nf4 Bf5 10. Nb5 Bb2 11. Rb1 Be5 12. Nd5 Bxb1 13. Qxb1 Rc8 14. f4 Bd4 15. Qd3 Bb6 16. g4 a6 17. Nbc3 Bd4 18. h4 Re6 19. Ne4 b5 20. h5 g5 21. e3 bxc4 22. bxc4 Bb2 23. 0-0 Rb8 24. fxg5 fxg5 25. Rf5 h6 26. Qf1 Qd7 27. d4 Kg7 28. Ndf6 Qd8 29. Nh7 Qe7 30. Nhf6 Nxd4 31. Nd5 Nxf5 32. Qxf5 Qd8 33. Ng3 c6 34. Be4 Rxe4 0-1

[Event "POL-chT U19 2nd League"]
[Site "Iwonicz"]
[Date "2016.07.31"]
[Round "10.13"]
[White "Leskiewicz, Ignacy"]
[Black "Lizak, Jakub"]
[Result "0-1"]
[WhiteElo "1921"]
[BlackElo "2131"]
[PlyCount "37"]
[EventDate "2016.07.23"]
[EventType "team-swiss"]
[EventRounds "11"]
[EventCountry "POL"]
[SourceTitle "EXT 2019"]
[Source "ChessBase"]
[SourceDate "2018.10.10"]
[SourceVersion "1"]
[SourceVersionDate "2018.10.10"]
[SourceQuality "1"]
[WhiteTeam "Konin UKS Smecz U19"]
[BlackTeam "Gliwice Politechnika Slaska U19"]
[WhiteTeamCountry "POL"]
[BlackTeamCountry "POL"]

1. e4 c5 2. Nf3 e6 3. d4 cxd4 4. Nxd4 Nc6 5. Nc3 Qc7 6. Ndb5 Qb8 7. Be3 a6 8. Bb6 axb5 9. Nxb5 Bb4+ 10. c3 Ba5 11. Nc7+ Qxc7 12. Bxc7 Bxc7 13. Bd3 Nge7 14. 0-0 0-0 15. Qc2 b6 16. f4 Bb7 17. Rad1 Rad8 18. e5 h6 19. Be4 0-1

[Event "POL-chT U19 2nd League"]
[Site "Iwonicz"]
[Date "2016.07.31"]
[Round "5.31"]
[White "Lizak, Jakub"]
[Black "Golenia, Wojciech"]
[Result "1/2-1/2"]
[WhiteElo "2131"]
[BlackElo "1967"]
[PlyCount "75"]
[EventDate "2016.07.23"]
[EventType "team-swiss"]
[EventRounds "11"]
[EventCountry "POL"]
[SourceTitle "EXT 2019"]
[Source "ChessBase"]
[SourceDate "2018.10.10"]
[SourceVersion "1"]
[SourceVersionDate "2018.10.10"]
[SourceQuality "1"]
[WhiteTeam "Gliwice Politechnika Slaska U19"]
[BlackTeam "Wieliczka MKS MOS U19"]
[WhiteTeamCountry "POL"]
[BlackTeamCountry "POL"]

1. b3 e5 2. Bb2 Nc6 3. e3 Nf6 4. Bb5 d6 5. Bxc6+ bxc6 6. Ne2 Be7 7. 0-0 0-0 8. f4 e4 9. c4 d5 10. Qc2 Rb8 11. Rc1 Bd6 12. h3 Re8 13. Nd4 Bd7 14. cxd5 cxd5 15. Ba3 Bxa3 16. Nxa3 c6 17. Nxc6 Bxc6 18. Qxc6 Qa5 19. Nb1 Rxb3 20. Rc5 Rxb1+ 21. Rxb1 Qxd2 22. Rb3 h6 23. Rc1 Qxa2 24. Qc2 Qa6 25. Qd1 Qd6 26. Qd4 Ra8 27. Rb5 Qd7 28. Ra5 a6 29. Qc5 Rd8 30. Qd4 Ra8 31. Qe5 Qd8 32. Qc7 d4 33. Qxd8+ Rxd8 34. exd4 Rxd4 35. Rxa6 Nh5 36. Ra8+ Kh7 37. f5 Ng3 38. Ra2 1/2-1/2

[Event "POL-chT U19 2nd League"]
[Site "Iwonicz"]
[Date "2016.07.31"]
[Round "1.43"]
[White "Pyka, Slawomir"]
[Black "Lizak, Jakub"]
[Result "0-1"]
[WhiteElo "1620"]
[BlackElo "2131"]
[PlyCount "114"]
[EventDate "2016.07.23"]
[EventType "team-swiss"]
[EventRounds "11"]
[EventCountry "POL"]
[SourceTitle "EXT 2019"]
[Source "ChessBase"]
[SourceDate "2018.10.10"]
[SourceVersion "1"]
[SourceVersionDate "2018.10.10"]
[SourceQuality "1"]
[WhiteTeam "Strzelce Krajenskie STMGK U19"]
[BlackTeam "Gliwice Politechnika Slaska U19"]
[WhiteTeamCountry "POL"]
[BlackTeamCountry "POL"]

1. d4 Nf6 2. Nf3 g6 3. g3 Bg7 4. Bg2 0-0 5. 0-0 d6 6. c3 Nbd7 7. Nbd2 e5 8. dxe5 dxe5 9. Nc4 e4 10. Nd4 Re8 11. Qc2 Nb6 12. Nxb6 axb6 13. Bg5 Qd5 14. Bf4 c6 15. Qb3 Qh5 16. f3 Qc5 17. Kh1 e3 18. g4 Nd5 19. Bg3 Bh6 20. Rad1 b5 21. Nxb5 Nf4 22. Nd4 Qa5 23. a3 c5 24. Bxf4 Bxf4 25. Qb5 Qxb5 26. Nxb5 Be6 27. Nd6 Bxd6 28. Rxd6 Bc4 29. Re1 Rad8 30. Rb6 Re7 31. f4 Bxe2 32. Rxe2 Rd1+ 33. Bf1 Rxf1+ 34. Kg2 Rxf4 35. h3 f5 36. Kg3 Rf1 37. Kg2 Rf4 38. Kg3 Rfe4 39. gxf5 gxf5 40. Rf6 Rf7 41. Rxf7 Kxf7 42. Kf3 Rh4 43. Kg3 Re4 44. Kf3 Kf6 45. Rxe3 Rxe3+ 46. Kxe3 c4 47. Kd4 Kg5 48. Kxc4 Kf4 49. Kd3 Kf3 50. b4 f4 51. c4 Kg2 52. Ke4 f3 53. b5 f2 54. Kd5 f1Q 55. Kc5 Kxh3 56. a4 h5 57. a5 Qf2+ 0-1

[Event "POL-ch U18"]
[Site "Szklarska Poreba"]
[Date "2016.03.20"]
[Round "9"]
[White "Lizak, Jakub"]
[Black "Smal, Tobiasz"]
[Result "1-0"]
[WhiteElo "2176"]
[BlackElo "2017"]
[PlyCount "85"]
[EventDate "2016.03.13"]
[EventType "swiss"]
[EventRounds "9"]
[EventCountry "POL"]
[SourceTitle "EXT 2018"]
[Source "ChessBase"]
[SourceDate "2017.10.13"]
[SourceVersion "1"]
[SourceVersionDate "2017.10.13"]
[SourceQuality "1"]

1. e4 c5 2. Nf3 d6 3. Bb5+ Nc6 4. d4 cxd4 5. Qxd4 Bd7 6. Bxc6 Bxc6 7. Nc3 Nf6 8. Bg5 e6 9. 0-0-0 Be7 10. Rhe1 0-0 11. Qd2 Qc7 12. Nd4 a6 13. f3 b5 14. g4 b4 15. Nce2 a5 16. Ng3 Rfc8 17. Kb1 Ne8 18. Bxe7 Qxe7 19. g5 Rab8 20. f4 a4 21. Rc1 Qb7 22. f5 e5 23. Nxc6 Rxc6 24. Re3 Rc4 25. f6 g6 26. h4 Rbc8 27. h5 b3 28. axb3 axb3 29. Rxb3 Qxb3 30. cxb3 Rxc1+ 31. Qxc1 Rxc1+ 32. Kxc1 Nc7 33. h6 Kf8 34. Kc2 Ke8 35. Kd3 Kd7 36. b4 Kc6 37. Kc4 d5+ 38. exd5+ Nxd5 39. b5+ Kd6 40. Ne4+ Ke6 41. Nc5+ Kd6 42. Nb7+ Ke6 43. Nd8+ 1-0

[Event "POL-ch U18"]
[Site "Szklarska Poreba"]
[Date "2016.03.15"]
[Round "3"]
[White "Lizak, Jakub"]
[Black "Golda, Sebastian"]
[Result "1-0"]
[WhiteElo "2176"]
[BlackElo "1941"]
[PlyCount "53"]
[EventDate "2016.03.13"]
[EventType "swiss"]
[EventRounds "9"]
[EventCountry "POL"]
[SourceTitle "EXT 2018"]
[Source "ChessBase"]
[SourceDate "2017.10.13"]
[SourceVersion "1"]
[SourceVersionDate "2017.10.13"]
[SourceQuality "1"]

1. e4 c5 2. Nf3 d6 3. d4 cxd4 4. Qxd4 Nc6 5. Bb5 e6 6. c4 Bd7 7. Qd3 a6 8. Bxc6 bxc6 9. 0-0 e5 10. c5 Bg4 11. Rd1 Bxf3 12. Qxf3 Qf6 13. Qb3 d5 14. exd5 Bxc5 15. Be3 Bxe3 16. Qxe3 Ne7 17. d6 Nd5 18. Qc5 Kd7 19. Nc3 Qxd6 20. Qc4 Ke6 21. Ne4 Qb4 22. Qxc6+ Ke7 23. Qxd5 Rhd8 24. Qxe5+ Kf8 25. Rxd8+ Rxd8 26. Qc5+ Qxc5 27. Nxc5 1-0

[Event "Gora Sw Anny op 9th"]
[Site "Gora Sw Anny"]
[Date "2016.02.07"]
[Round "8"]
[White "Lizak, Jakub"]
[Black "Zylka, Stanislaw"]
[Result "1/2-1/2"]
[WhiteElo "2247"]
[BlackElo "2080"]
[PlyCount "91"]
[EventDate "2016.02.01"]
[EventType "swiss"]
[EventRounds "10"]
[EventCountry "POL"]
[SourceTitle "CBM 170 Extra"]
[Source "ChessBase"]
[SourceDate "2016.02.25"]
[SourceVersion "1"]
[SourceVersionDate "2016.02.25"]
[SourceQuality "1"]

1. e4 e5 2. Nf3 Nc6 3. Bb5 a6 4. Bxc6 dxc6 5. 0-0 f6 6. d4 Bg4 7. c3 Qe7 8. dxe5 fxe5 9. Nbd2 0-0-0 10. Qe2 Nf6 11. Re1 Qe8 12. Nc4 Bc5 13. Be3 Bxe3 14. Qxe3 Bxf3 15. Qxf3 Rf8 16. Rad1 Qe6 17. Rxd8+ Rxd8 18. b3 b5 19. Nb2 Rd2 20. Re2 Qd7 21. h3 Kb7 22. Qe3 Rd6 23. Qf3 Rd2 24. Kf1 Rd6 25. Ke1 g6 26. Re3 Qe7 27. Nd3 Nd7 28. Qe2 c5 29. g3 Qe6 30. Qg4 Qg8 31. Nb2 Kc6 32. h4 Nf6 33. Qe2 Qe6 34. Qf3 Nd7 35. Rd3 Nf6 36. c4 Rd4 37. Rxd4 cxd4 38. a4 b4 39. a5 Nd7 40. Nd3 Qe7 41. h5 Kb7 42. hxg6 hxg6 43. Qg4 Nc5 44. Nc1 Qh7 45. Qh4 Qf7 46. Qd8 1/2-1/2

[Event "Krakow op-A 26th"]
[Site "Krakow"]
[Date "2016.01.02"]
[Round "7"]
[White "Adamowicz, Katarzyna"]
[Black "Lizak, Jakub"]
[Result "1-0"]
[WhiteElo "2134"]
[BlackElo "2239"]
[PlyCount "57"]
[EventDate "2015.12.27"]
[EventType "swiss"]
[EventRounds "9"]
[EventCountry "POL"]
[SourceTitle "CBM 170 Extra"]
[Source "ChessBase"]
[SourceDate "2016.02.25"]
[SourceVersion "1"]
[SourceVersionDate "2016.02.25"]
[SourceQuality "1"]

1. e4 e5 2. Nf3 Nc6 3. Bb5 a6 4. Ba4 Nf6 5. 0-0 b5 6. Bb3 Bc5 7. c3 d6 8. d4 Bb6 9. h3 Bb7 10. Re1 0-0 11. Bg5 h6 12. Bh4 Re8 13. Bd5 g5 14. Bg3 exd4 15. h4 dxc3 16. Nxc3 g4 17. Nh2 Qd7 18. h5 Rab8 19. Bh4 Kg7 20. Bxf6+ Kxf6 21. Nxg4+ Kg7 22. Qf3 Bd4 23. e5 Bxe5 24. Rxe5 Rxe5 25. Qf6+ Kf8 26. Qxh6+ Ke7 27. Qf6+ Ke8 28. Nxe5 dxe5 29. Re1 1-0